000 01502cam a2200433 i 4500
999 _c3745
_d3745
001 19622970
003 OSt
005 20241014083342.0
008 170505t20142014my a b 000 0ceng d
010 _a 2017343543
020 _a9789839941784
035 _a(OCoLC)ocn913965313
040 _aOUN
_beng
_cOUN
_erda
_dOCLCO
_dOCLCF
_dOCLCO
_dMYUML
_dDLC
_dKH8
042 _alccopycat
_alcode
043 _aa-my---
_aa------
_ae------
_aaw-----
082 _a321.6 PAR
100 0 _aParidah Abd. Samad,
_eauthor.
_d1952-
245 1 4 _aThe new age of the kings :
_bmodern monarchies in Malaysia and the world /
_cParidah Abd. Samad.
264 1 _aKuala Lumpur, Malaysia :
_bPartisan Publication,
_c[2014]
264 4 _c©2014
300 _axviii, 392 pages :
_billustrations (chiefly color) ;
_c25 cm
336 _atext
_btxt
_2rdacontent
336 _astill image
_bsti
_2rdacontent
337 _aunmediated
_bn
_2rdamedia
338 _avolume
_bnc
_2rdacarrier
504 _aIncludes bibliographical references (pages 387-392).
546 _aIn English.
650 0 _aMonarchy.
650 0 _aMonarchy
_zMalaysia.
650 0 _aMonarchy
_zAsia.
650 0 _aMonarchy
_zEurope.
650 0 _aMonarchy
_zMiddle East.
651 0 _aMalaysia
_xKings and rulers
_vBiography.
651 0 _aAsia
_xKings and rulers
_vBiography.
651 0 _aEurope
_xKings and rulers
_vBiography.
651 0 _aMiddle East
_xKings and rulers
_vBiography.
710 2 _aPartisan Publication,
_epublisher.
942 _2ddc
_cNFIC